Effect of using sun-dry taro tuber in concentrated feed on growth rate of avian at the experimental station in the royal university of agriculture, ឥទ្ធិពលនៃការប្រើប្រាស់មើមត្រាវក្រៀមក្នុងចំណីផ្សំលើការលូតលាស់របស់មាន់សាច់នៅស្ថានីយ៍ពិសោធន៍សត្វ​នៃសាកលវិទ្យាល័យភូមិន្ទកសិកម្ម (Record no. 2346)

000 -LEADER
fixed length control field 00880nam a22001577a 4500
003 - CONTROL NUMBER IDENTIFIER
control field OSt
005 - DATE AND TIME OF LATEST TRANSACTION
control field 20151019173829.0
008 - FIXED-LENGTH DATA ELEMENTS--GENERAL INFORMATION
fixed length control field 151019b xxu||||| |||| 00| 0 eng d
040 ## - CATALOGING SOURCE
Transcribing agency RUA
082 ## - DEWEY DECIMAL CLASSIFICATION NUMBER
Classification number AVM HOU 2009 B088 Or.1
100 ## - MAIN ENTRY--PERSONAL NAME
9 (RLIN) 2491
Personal name HOUN, MEANUN.
245 ## - TITLE STATEMENT
Title Effect of using sun-dry taro tuber in concentrated feed on growth rate of avian at the experimental station in the royal university of agriculture, ឥទ្ធិពលនៃការប្រើប្រាស់មើមត្រាវក្រៀមក្នុងចំណីផ្សំលើការលូតលាស់របស់មាន់សាច់នៅស្ថានីយ៍ពិសោធន៍សត្វ​នៃសាកលវិទ្យាល័យភូមិន្ទកសិកម្ម
260 ## - PUBLICATION, DISTRIBUTION, ETC. (IMPRINT)
Place of publication, distribution, etc. Phnom Penh
Name of publisher, distributor, etc. RUA
Date of publication, distribution, etc. 2009
300 ## - PHYSICAL DESCRIPTION
Extent x; 49p.
Other physical details ill.
Dimensions 29cm.
942 ## - ADDED ENTRY ELEMENTS (KOHA)
Source of classification or shelving scheme
Koha item type AVM
Holdings
Price effective from Date last seen Permanent Location Not for loan Date acquired Source of classification or shelving scheme Koha item type Lost status Withdrawn status Date last checked out Total Checkouts Shelving location Damaged status Barcode Current Location Full call number
2015-10-192015-10-19Library Block B 2015-10-19 AVM    B087 RUA016338Library Block BAVM HOU 2009 B088 Or.1
2015-10-192016-03-10Library Block B 2015-10-19 AVM  2016-02-051B087 RUA016350Library Block BAVM HOU 2009 B088 Or.2
2015-10-192015-10-19Library Block B 2015-10-19 AVM    B087 RUA016470Library Block BAVM HOU 2009 B088 Or.3
2015-10-192015-10-19Library Block B 2015-10-19 AVM    B087 RUA016248Library Block BAVM HOU 2009 B088 Or.4
2015-10-192015-10-19Library Block B 2015-10-19 AVM    B087 RUA016261Library Block BAVM HOU 2009 B088 Or.5
2015-10-192015-10-19Library Block B 2015-10-19 AVM    B087 RUA015670Library Block BAVM HOU 2009 B088 Or.6
2015-10-192015-10-19Library Block B 2015-10-19 AVM    B087 RUA006404Library Block BAVM HOU 2009 B088 Or.7
2015-10-192015-10-19Library Block B 2015-10-19 AVM    B087 RUA006446Library Block BAVM HOU 2009 B088 Or.8
2015-10-192015-10-19Library Block B 2015-10-19 AVM    B087 RUA006374Library Block BAVM HOU 2009 B088 Or.9
2019-05-282019-05-28Library Block B 2019-05-28 AVM    B1.234 A36970Library Block BAVM HOU 2009 B1.234 Or.1
មជ្ឈមណ្ឌលឯការនៃសាកលវិទ្យាល័យភូមិន្ទកសិកម្មចំការដូង

Powered by Koha